Welcome to the Holygrace Academy Library

Please use search bar below to get started

BLINK (Record no. 3141)

MARC details
000 -LEADER
fixed length control field 00621nam a22001457a 4500
020 ## - INTERNATIONAL STANDARD BOOK NUMBER
ISBN 978-0-14-101459-3
082 ## - DEWEY DECIMAL CLASSIFICATION NUMBER
Classification number 158
Item number GLA/B
100 ## - MAIN ENTRY--AUTHOR NAME
Personal name GLADWELL, MALCOLM
245 ## - TITLE STATEMENT
Title BLINK
Remainder of title THE POWER OF THINKING WITHOUT THINKING
260 ## - PUBLICATION, DISTRIBUTION, ETC. (IMPRINT)
Place of publication NEW YORK
Name of publisher PENGUIN BOOKS
Year of publication 2005
300 ## - PHYSICAL DESCRIPTION
Number of Pages 277
520 ## - SUMMARY, ETC.
Summary, etc BLINK is about human rapid cognition, a thinking that is a lot faster than we can realize it, and a thinking that operates quite mysteriously in comparison to our commonly used careful, planned, and thoughtful decision making. And that's the major hypothesis in this book.
650 ## - SUBJECT ADDED ENTRY--TOPICAL TERM
Topical Term NOVEL
Geographic subdivision UNITED STATES
942 ## - ADDED ENTRY ELEMENTS (KOHA)
Koha item type Books
Holdings
Withdrawn status Lost status Collection code Home library Current library Shelving location Date acquired Source of acquisition Cost, normal purchase price Full call number Accession Number Koha item type
    Fiction Main Library Main Library SHELF-14E- ALPHABETICAL -E,F,G --ENGLISH NOVELS & FICTIONS 08/05/2012 purchase 299.00 158 GLA/B 06072 Books